Score 0/20 Timer 08:00
7 Plays Today
% Correct
Stalin
95.9%
Biden
92%
Jonas
89.9%
Montana
79.5%
Pesci
79.4%
Gordon-Levitt
77.4%
McCarthy
77.2%
Barbera
75.5%
Cocker
72.3%
Pulitzer
71.3%
% Correct
Smith
69.3%
Heller
64.1%
Flacco
60.9%
Jackson
61%
Whedon
60.2%
Conrad
59.3%
Perry
59.3%
Walsh
51.4%
Mantegna
50.1%
Manganiello
44.8%
Remove Ads.
Support Sporcle.
Get the best of Sporcle when you Go Orange. This ad-free experience offers more features, more stats, and more fun while also helping to support Sporcle. Thank you for becoming a member.

You're not logged in!

Compare scores with friends on all Sporcle quizzes.
OR
Log In

Show Comments

Extras

Top Quizzes Today


Score Distribution

Your Account Isn't Verified!

In order to create a playlist on Sporcle, you need to verify the email address you used during registration. Go to your Sporcle Settings to finish the process.

Report this User

Report this user for behavior that violates our Community Guidelines.

Details: